1194 1779 1552 1698 1678 1040 1998 1632 1588 1809 1033 1692 1423 1923 1778 1522 1533 1468 1512 1624 1735 1105 1129 1047 1173 1263 1556 1647 1929 1585 1753 1679 1408 1371 1312 1109 1660 1781 1952 1505 1684 1331 1724 1220 1547 1358 1912 1584 1183 1239 1950 1544 1563 1398 1151 1638 1672 1076 1947 1046 1100 1792 1442 1331 1331 1120 1919 1890 1989 1995 1190 1976 1602 1257 1348 1042 1709 1460 1210 1776 1362 1823 1561 1761 1000 1689 1389 1053 1717 1540 1615 1513 1417 1475 1766 1169 1147 1407 1705 BCNSPRNW ULIB Ver.6.0+V

เปลี่ยนเป็นภาษาไทย

Change to English
 แสดงรายละเอียดบรรณานุกรม
  กลับหน้าหลัก

Brief Record : Get Marc (ISO 2709) : E-mail record : QR code < ปิดหน้าต่าง
LEADER : 00000nam 2200000uu 4500
001    13399107671
003     ULIB
008    110114s2548th 000 0 tha d
020    9749712587
020    9789749712580
060 04 QT104^bว435ส 2548
100 0  วันเพ็ญ ภูติจันทร์
245 10 สรีรวิทยาทั่วไป =^bGeneral physiology /^cวันเพ็ญภูติจันทร์
246 31 General physiology
250    พิมพ์ครั้งที่ 1
260    กรุงเทพฯ :^bโอเดียนสโตร์,^c2548
300    384 หน้า :^bภาพประกอบ ;^c24 ซม.
650  7 สรีรวิทยา
945    ^p250^l0^i028234
945    ^p250^l0^i019935
995    เกษร
999 ^a ใช้งานได้ทุกระบบ
รายการนี้ยังไม่มีแท็ก
คุณยังไม่ได้ล็อกอิน คุณสามารถมีกิจกรรมร่วมกับเว็บไซต์ได้ แต่ต้องล็อกอินก่อน ::
  ล็อกอิน

รายการสื่อสารสนเทศ

ลำดับที่ ประเภท เลขเรียก/บาร์โค้ด สถานที่ สถานะ
1. วิทยาศาสตร์การแพทย์ และสุขภาพ
วิทยาศาสตร์การแพทย์ และสุขภาพ
สถานะ=หนังสือเก่า
QT104 ว435ส 2548 ฉ.2 
  Barcode: 019935
ห้องสมุดวิทยาเขตสวรรค์ประชารักษ์
►ส่วนจัดเก็บหนังสือเก่า สปร
บนชั้น
  ขอยืม

รายการใกล้เคียง
    ผู้แต่ง [วันเพ็ญ ภูติจันทร์]

    หัวเรื่อง [สรีรวิทยา]

BibComment


ยังไม่เคยถูกคอมเมนท์

คอมเมนท์ทรัพยากรรายการนี้
  คอมเมนท์: สรีรวิทยาทั่วไป ..


 Copyright 2026. Bcnsprnw @Library